Expositio regulae FF. Minorum: S. P. Francisci Assisiensis

Uloženo v:
Podrobná bibliografie
Hlavní autor: Bulsano, Alberto A (Autor)
Médium: Kniha
Jazyk:španělština
Vydáno: Roma Apud Curiam Generalem FF. MM Capuccinorum 1932
Vydání:9a. ed
Témata:
Tagy: Přidat tag
Žádné tagy, Buďte první, kdo vytvoří štítek k tomuto záznamu!

MARC

LEADER 00000cam a2200000 a 4500
001 UCD0104
003 CL-VaPUC
008 151112e19320000it |||||||||||||||||spa|d
082 0 4 |a 271.3  |b BUL  |2 21 
100 0 |a Bulsano, Alberto A  |e author  |9 583111 
245 1 0 |a Expositio regulae FF. Minorum: S. P. Francisci Assisiensis 
250 |a 9a. ed 
300 |a 742 p 
942 |c BK 
945 |d 20151112 20:22:00  |a gsalatino 
260 |a Roma  |b Apud Curiam Generalem FF. MM Capuccinorum  |c 1932 
650 7 |a FRANCISCANOS CAPUCHINOS  |2 CL-VaPUC  |9 535596 
650 7 |a NORMAS  |2 CL-VaPUC  |9 259606 
650 0 |a Órdenes religiosas  |9 257499 
650 0 |a Iglesia   |9 255004 
583 |a last modification  |c 20190801 09:00:20  |k Rodrigo Vera 
999 |c 361726  |d 361724 
952 |0 0  |1 0  |3 erd  |4 0  |6 271_300000000000000_BUL_1932  |7 0  |8 P  |9 472369  |a BIBTEO  |b BIBTES  |c TEO_FTES  |i 5270367  |o 271.3 BUL 1932  |p 5270367  |r 2024-01-18  |w 2019-11-24  |y BK  |z Catalogado en:20151112  |k ICR 
952 |0 0  |1 0  |3 erd  |4 0  |6 271_300000000000000_BUL_1932  |7 0  |8 P  |9 472370  |a BIBTEO  |b BIBTES  |c TEO_FTES  |i 5278147  |o 271.3 BUL 1932  |p 5278147  |r 2024-01-18  |w 2019-11-24  |y BK  |z Catalogado en:20160324  |k ICR